Online
Catalog

Perejil : (Record no. 4827)

MARC details
000 -CABECERA
campo de control de longitud fija 02583nam a2200313 a 4500
001 - NÚMERO DE CONTROL
campo de control 000005022
003 - IDENTIFICADOR DEL NÚMERO DE CONTROL
campo de control DO-SdBNP
005 - FECHA Y HORA DE LA ÚLTIMA TRANSACCIÓN
campo de control 20250915101642.0
008 - DATOS DE LONGITUD FIJA--INFORMACIÓN GENERAL
campo de control de longitud fija 090729s2004 dr ac 001 0 spa d
020 ## - NÚMERO INTERNACIONAL ESTÁNDAR DEL LIBRO
Número Internacional Estándar del Libro 9993433845
040 ## - FUENTE DE LA CATALOGACIÓN
Centro catalogador/agencia de origen DO-SdBNP
Lengua de catalogación spa
Centro/agencia transcriptor BNPHU
082 ## - NÚMERO DE LA CLASIFICACIÓN DECIMAL DEWEY
Número de clasificación 320.54
Número de documento/Ítem A162p
100 1# - ENTRADA PRINCIPAL--NOMBRE DE PERSONA
Nombre de persona Abréu, Dió-genes,
Fechas asociadas al nombre 1959-
9 (RLIN) 14466
245 10 - MENCIÓN DE TÍTULO
Título Perejil :
Resto del título el ocaso de la "hispanidad" dominicana : celebración de la multiplicidad cultural desde New York /
Mención de responsabilidad, etc. Diógenes Abréu.
260 ## - PUBLICACIÓN, DISTRIBUCIÓN, ETC.
Lugar de publicación, distribución, etc. Santo Domingo :
Nombre del editor, distribuidor, etc. Mediabyte,
Fecha de publicación, distribución, etc. 2004.
300 ## - DESCRIPCIÓN FÍSICA
Extensión 370 p. :
Otras características físicas il., retrs.
500 ## - NOTA GENERAL
Nota general Incluye índice onomástico
500 ## - NOTA GENERAL
Nota general Incluye datos biográficos del autor en las solapas
504 ## - NOTA DE BIBLIOGRAFÍA, ETC.
Nota de bibliografía, etc. Incluye referencias bibliográficas y notas al pie de las páginas
504 ## - NOTA DE BIBLIOGRAFÍA, ETC.
Nota de bibliografía, etc. Incluye bibliografías (p. 357-364)
505 2# - NOTA DE CONTENIDO CON FORMATO
Nota de contenido con formato Dedicatoria -- Decir "Perejil": palabras introductorias a un texto más necesario -- ¡Que viva Trujillo, coño! ¿Y a eso le llamas tú introducción? -- Haití on my mind (Haití en mi mente): confieso que he vivido estas memorias -- El negro bembón: la ideología del fetichismo cultural "hispano" como rapiña social anti-negro -- Mami, ¿qué será lo que quiere el negro? Cómo se destripa culturalmente al negro -- ¡Y el negro ahí: "ahora Papá Candelo quiere que le canten babalú" -- Lengua e`mime: la lingüística como legislación: "por nuestra especificidad como pueblo" o el pasado cual panteón nacional anti-haitiano -- ¡Me pego y me pego, ay mangué! La nación como brincos teóricos en 12 asaltos ideológicos -- Whay up, nigga? El cominicanyork como terrorista cultural -- Miscelánea: la evidencia histórica como migajas de la verdad -- La revolución traicionada, Haití: clase y poder como valores socio-históricos -- El pendejo de Marx: la ideología como ventorrillo teórico -- Contradicción y diualismo: también sobrevive el fuego en las profundidades del mar -- Apologistas del Perejil o sobre cómo se le canta al "hispanismo" atrapado en las fronteras culturales del monolingüismo y monoterritorialismo -- Alfa y Omega: todo final es un principio, toda singularidad descansa en oposición a un pluralismo -- Bibliografía -- Indice onomástico.
650 #4 - PUNTO DE ACCESO ADICIONAL DE MATERIA--TÉRMINO DE MATERIA
Término de materia o nombre geográfico como elemento de entrada Nacionalismo
Subdivisión geográfica República Dominicana
9 (RLIN) 14467
650 #4 - PUNTO DE ACCESO ADICIONAL DE MATERIA--TÉRMINO DE MATERIA
Término de materia o nombre geográfico como elemento de entrada Haití
Subdivisión general Relaciones con República Dominicana
9 (RLIN) 14469
650 #4 - PUNTO DE ACCESO ADICIONAL DE MATERIA--TÉRMINO DE MATERIA
Término de materia o nombre geográfico como elemento de entrada Identidad cultural
Subdivisión geográfica República Dominicana
9 (RLIN) 1946
650 #0 - PUNTO DE ACCESO ADICIONAL DE MATERIA--TÉRMINO DE MATERIA
Término de materia o nombre geográfico como elemento de entrada Racismo
9 (RLIN) 2279
651 #4 - PUNTO DE ACCESO ADICIONAL DE MATERIA--NOMBRE GEOGRÁFICO
Nombre geográfico República Dominicana
Subdivisión general Relaciones con Haití
9 (RLIN) 14468
651 #4 - PUNTO DE ACCESO ADICIONAL DE MATERIA--NOMBRE GEOGRÁFICO
Nombre geográfico República Dominicana
Subdivisión general Relaciones raciales
9 (RLIN) 432
942 ## - ELEMENTOS DE PUNTO DE ACCESO ADICIONAL (KOHA)
Fuente del sistema de clasificación o colocación Dewey Decimal Classification
Tipo de ítem Koha Libro
Holdings
Estado de retiro Estado de pérdida Restricciones de uso No para préstamo Código de colección Localización permanente Ubicación/localización actual Ubicación en estantería Fecha de adquisición Número de inventario Total de préstamos Signatura topográfica completa Código de barras Fecha visto por última vez Número de copia Precio válido a partir de Tipo de ítem Koha
    Préstamo interno   Dominicana de Servicio General General En catalogación 30.07.2009 LF1   320.54 A162p 5022-30 25.06.2020 e. 3 25.06.2020 Libro y Folleto Colección Dominicana de Servicio
    Préstamo interno   Dominicana de Servicio General General En catalogación 04.02.2010 LF1   320.54 A162p 5022-40 25.06.2020 e. 4 25.06.2020 Libro y Folleto Colección Dominicana de Servicio
    Préstamo interno   Dominicana de Servicio General General En catalogación 04.02.2010 LF1   320.54 A162p 5022-50 25.06.2020 e. 5 25.06.2020 Libro y Folleto Colección Dominicana de Servicio
      Excluido de préstamo Patrimonio Dominicano Patrimonio Dominicano Patrimonio Dominicano En catalogación 29.07.2009 LF1   320.54 A162p 5022-10 25.06.2020   25.06.2020 Libro y Folleto Colección Patrimonio Dominicano
      Excluido de préstamo Patrimonio Dominicano Patrimonio Dominicano Patrimonio Dominicano En catalogación 29.07.2009 LF1   320.54 A162p 5022-20 25.06.2020 e. 2 25.06.2020 Libro y Folleto Colección Patrimonio Dominicano

Powered by Koha